000 00734nam a22001937a 4500
005 20111226100525.0
020 _a9788189020040
_c95.00
037 _bPUB
100 _aCalasso, Roberto
_937572
245 _aKA:
_cby Roberto Calasso; translated by Tim Parks; retold by Geeta Dharmarajan; illustrated by Suddhasattwa Basu
_bthe story of Garuda /
260 _aNew Delhi
_bKatha
_c2004
270 _aA3 Sarvodaya Enclave, Sri Aurobindo Marg,
_bNew Delhi
_e110017
300 _aunpages
_bill.
_c26cm(pbk)
700 _a Parks, Tim
_937569
700 _a Dharmarajan, Geeta
_937570
700 _aBasu, Suddhasattwa
_937571
942 _2ddc
_cCH
_mCAL
999 _c59956
_d59956